01532nam a2200265 a 4500001001000000005001700010008004100027041000800068044000700076084002100083100004500104245011200149260003600261300002200297500035400319500010100673500018900774500000900963650005200972650005601024650003401080650004501114700005701159740005001216BRCA_242420190320203812.0131108s1777----sp-a---###---#000-0dspa-u aspa asp a064b.S263c17771 aCervantes Saavedra, Miguel ded1547-161610aVida y hechos del Ingenioso Caballero Don Quixote de la Manchaccompuesto por Miguel de Cervantes Saavedra. aMadridbAntonio de Sanchac1777 a4 v.bil.c19 cm. aContenido : v 1. Primera parte. Dedicatoria de Cide Hamete Benengeli a D. Quijote. Versos preliminares. Prólogo del autor. Vida de Cervantes por Mayáns. Texto. -- v 2. Texto. -- v 3. Segunda parte. Composiciones poéticas atribuidas a Diego Torres Villaroel. Aprovación de la edición príncipe. Prólogo de Cervantes. Texto. -- v 4. Texto aEdición : Nueva edición corregida e ilustrada con varias láminas finas y la vida del autor aReproducción de la edición LO-064, de Ibarra, con pequeñas variantes, pero inferior en el aspecto tipográfico. Lomeras adornadas con florones y filetes dorados Lúdovik Osterc aQM5314aNovela españolayÉpoca clásica, 1500-170014aLiteratura españolayÉpoca clásica, 1500-170014aNovela españolaySiglo XVII14aDon Quijote (Personaje ficticio)eNovela1 aMayáns I Síscar, Gregoriod1690-1781eBiógrafo0 aEl Ingenioso Hidalgo Don Quijote de la Mancha